[Event "Poznan op 27th"]
[Site "Poznan"]
[Date "2019.08.18"]
[Round "1"]
[White "Zarzycki, Lukasz"]
[Black "Nowak, Rafal"]
[Result "0-1"]
[WhiteElo "1397"]
[BlackElo "2016"]
[PlyCount "46"]
[EventDate "2019.08.18"]
[EventType "swiss"]
[EventRounds "9"]
[EventCountry "POL"]
[SourceTitle "EXT 2020"]
[Source "ChessBase"]
[SourceDate "2019.10.17"]
[SourceVersion "1"]
[SourceVersionDate "2019.10.17"]
[SourceQuality "1"]

1. d4 c5 2. c3 d5 3. Bf4 Nc6 4. e3 Nf6 5. Nd2 cxd4 6. cxd4 Bf5 7. Qb3 Qd7 8. Rc1 a6 9. Ngf3 e6 10. Ne5 Nxe5 11. Bxe5 Rc8 12. Rxc8+ Qxc8 13. Qc3 Qxc3 14. bxc3 Ba3 15. c4 Bb4 16. Ke2 dxc4 17. Nxc4 0-0 18. a3 Rc8 19. axb4 Rxc4 20. Bxf6 gxf6 21. b5 axb5 22. Kf3 Rc1 23. g4 Bg6 0-1

[Event "POL-chT 2nd League"]
[Site "Jastrzebia Gora"]
[Date "2016.09.10"]
[Round "8.98"]
[White "Nowak, Rafal"]
[Black "Liberadzki, Slawomir"]
[Result "0-1"]
[WhiteElo "2050"]
[BlackElo "2013"]
[PlyCount "108"]
[EventDate "2016.09.03"]
[EventType "team-swiss"]
[EventRounds "9"]
[EventCountry "POL"]
[SourceTitle "EXT 2017"]
[Source "ChessBase"]
[SourceDate "2016.10.25"]
[SourceVersion "1"]
[SourceVersionDate "2016.10.25"]
[SourceQuality "1"]
[WhiteTeam "Gniezno LKS Chrobry II"]
[BlackTeam "Skoczek Trojanski"]
[WhiteTeamCountry "POL"]
[BlackTeamCountry "POL"]

1. d4 d5 2. Bg5 f6 3. Bh4 Nh6 4. e3 g6 5. Bd3 Bg7 6. Nd2 0-0 7. Ne2 c6 8. c4 Nf5 9. Bg3 Nxg3 10. Nxg3 e5 11. 0-0 Nd7 12. cxd5 cxd5 13. Qb3 Nb6 14. dxe5 fxe5 15. Rad1 Kh8 16. Nb1 Be6 17. f4 exf4 18. exf4 Qf6 19. Rd2 Qd4+ 20. Kh1 Rxf4 21. Re1 Qf6 22. Nc3 Bf7 23. Qd1 Re8 24. Rxe8+ Bxe8 25. Be2 Bc6 26. Bf3 Nc4 27. Nxd5 Bxd5 28. Rxd5 Nxb2 29. Rd8+ Bf8 30. Qd5 Nc4 31. h3 Nb6 32. Qd3 Kg7 33. Rb8 Bd6 34. Rxb7+ Kh6 35. Qe3 Nc4 36. Qxa7 Qe5 37. Rxh7+ Kg5 38. Qf2 Kf6 39. Ne4+ Qxe4 40. Bxe4 Rxf2 41. Kg1 Rxa2 42. Rh6 Ne5 43. Rh8 Bc5+ 44. Kh2 Re2 45. Bd5 Bd6 46. Kg1 Nd3 47. g4 Bc5+ 48. Kh1 Rd2 49. Bf3 Nf2+ 50. Kg2 Nxh3+ 51. Kxh3 Bd6 52. Bg2 Rd3+ 53. Kh4 Bg3+ 54. Kh3 Bf4+ 0-1

[Event "POL-chT3 Wielkopolskie 1415"]
[Site "Poland"]
[Date "2014.12.07"]
[Round "3.19"]
[White "Staniszewski, Pawel"]
[Black "Nowak, Rafal"]
[Result "1-0"]
[WhiteElo "2148"]
[BlackElo "2022"]
[PlyCount "85"]
[EventDate "2014.11.30"]
[EventType "team-tourn"]
[EventRounds "11"]
[EventCountry "POL"]
[SourceTitle "EXT 2019"]
[Source "ChessBase"]
[SourceDate "2018.10.10"]
[SourceVersion "1"]
[SourceVersionDate "2018.10.10"]
[SourceQuality "1"]

1. d4 d6 2. Nf3 Nd7 3. c4 e5 4. e4 g6 5. Nc3 Bg7 6. Be2 Ne7 7. 0-0 0-0 8. dxe5 dxe5 9. Bg5 h6 10. Bxe7 Qxe7 11. Nd5 Qd8 12. b4 c6 13. Ne3 Qe7 14. Rb1 a5 15. a3 axb4 16. axb4 Nf6 17. Qc2 Ng4 18. Nd1 f5 19. Nd2 Nf6 20. Nc3 Be6 21. c5 Kh7 22. Bc4 f4 23. Qb3 Bxc4 24. Qxc4 Rad8 25. Nf3 g5 26. h3 Ne8 27. Rfd1 Nc7 28. Rxd8 Rxd8 29. Rd1 Rxd1+ 30. Nxd1 Qd7 31. Nb2 Nb5 32. Nd3 Qe7 33. Nb2 Bf6 34. Na4 h5 35. Nb6 g4 36. hxg4 hxg4 37. Nh2 g3 38. Ng4 Nd4 39. f3 Kg7 40. Nc8 Qd7 41. Nd6 b5 42. Qg8+ Kxg8 43. Nxf6+ 1-0

[Event "POL-chT3 Wielkopolskie 1415"]
[Site "Poland"]
[Date "2014.11.30"]
[Round "1.26"]
[White "Zakrzewski, Marek"]
[Black "Nowak, Rafal"]
[Result "0-1"]
[WhiteElo "2152"]
[BlackElo "2022"]
[PlyCount "68"]
[EventDate "2014.11.30"]
[EventType "team-tourn"]
[EventRounds "11"]
[EventCountry "POL"]
[SourceTitle "EXT 2019"]
[Source "ChessBase"]
[SourceDate "2018.10.10"]
[SourceVersion "1"]
[SourceVersionDate "2018.10.10"]
[SourceQuality "1"]

1. e4 c5 2. Nf3 e6 3. d4 cxd4 4. Nxd4 Nc6 5. Nc3 Qc7 6. Be3 a6 7. Bd3 Nf6 8. 0-0 Ne5 9. h3 Bc5 10. Kh1 d6 11. f4 Ng6 12. Qe1 Bd7 13. f5 Ne5 14. Qh4 0-0-0 15. Rab1 Qb6 16. Nce2 Nxd3 17. b4 Nxb4 18. c3 e5 19. a3 exd4 20. cxd4 Qb5 21. Nf4 Qa4 22. axb4 Bb6 23. e5 dxe5 24. dxe5 Bxe3 25. exf6 Bc6 26. fxg7 Rhe8 27. Rbe1 Qb5 28. Qg3 Bd2 29. Rd1 Qxb4 30. Ne6 fxe6 31. f6 Qc3 32. Qg4 h5 33. Qxh5 Qg3 34. Rg1 Bf4 0-1

[Event "POL-chT 2nd League"]
[Site "Lazy"]
[Date "2012.09.07"]
[Round "7"]
[White "Nowak, Rafal"]
[Black "Tokarski, Lukasz"]
[Result "0-1"]
[WhiteElo "2054"]
[BlackElo "2278"]
[PlyCount "42"]
[EventDate "2012.09.01"]
[EventType "team-swiss"]
[EventRounds "9"]
[EventCountry "POL"]
[SourceTitle "EXT 2019"]
[Source "ChessBase"]
[SourceDate "2018.10.10"]
[SourceVersion "1"]
[SourceVersionDate "2018.10.10"]
[SourceQuality "1"]
[WhiteTeam "Gniezno LKS Chrobry"]
[BlackTeam "Jaworzno JKSz MCKiS"]
[WhiteTeamCountry "POL"]
[BlackTeamCountry "POL"]

1. d4 g6 2. e4 Bg7 3. Nc3 d6 4. Be3 a6 5. h3 Nd7 6. Nf3 b5 7. a4 b4 8. Nb1 Bb7 9. Bd3 c5 10. c3 cxd4 11. cxd4 Ngf6 12. Nbd2 0-0 13. 0-0 a5 14. Qe2 Qb8 15. Rfe1 Rc8 16. Bb5 Rc7 17. Bg5 h6 18. Bxf6 Nxf6 19. e5 Nd5 20. e6 f5 21. Nh4 Kh7 0-1

[Event "POL-chT 2nd League"]
[Site "Lazy"]
[Date "2012.09.05"]
[Round "5"]
[White "Nowak, Rafal"]
[Black "Skawinski, Arkadiusz"]
[Result "0-1"]
[WhiteElo "2054"]
[BlackElo "2309"]
[PlyCount "101"]
[EventDate "2012.09.01"]
[EventType "team-swiss"]
[EventRounds "9"]
[EventCountry "POL"]
[SourceTitle "EXT 2019"]
[Source "ChessBase"]
[SourceDate "2018.10.10"]
[SourceVersion "1"]
[SourceVersionDate "2018.10.10"]
[SourceQuality "1"]
[WhiteTeam "Gniezno LKS Chrobry"]
[BlackTeam "Gostynin Gostmat 83"]
[WhiteTeamCountry "POL"]
[BlackTeamCountry "POL"]

1. d4 d5 2. Nf3 c6 3. Bf4 Nf6 4. e3 g6 5. Nbd2 Bg7 6. h3 0-0 7. Bd3 Nbd7 8. 0-0 c5 9. c3 b6 10. Re1 Bb7 11. Qc2 Rc8 12. Rad1 a6 13. Qb1 Re8 14. Bh2 b5 15. e4 dxe4 16. Nxe4 cxd4 17. cxd4 Qb6 18. Ne5 Red8 19. Nxf7 Kxf7 20. Ng5+ Kg8 21. Bxg6 Nf8 22. Bf7+ Kh8 23. Be6 Bh6 24. Bxc8 Bxg5 25. Bxb7 Qxb7 26. Qf5 Bh6 27. Be5 Bg7 28. g4 Ng6 29. Bg3 Rf8 30. Qe6 Nd5 31. Qe4 Ngf4 32. Kh2 Qd7 33. Rc1 h5 34. Rc5 hxg4 35. hxg4 Rf6 36. Bxf4 Nxf4 37. Kg3 Ne6 38. Re5 Qd6 39. Kg2 Nf4+ 40. Kf1 e6 41. Rc5 Rf8 42. Rd1 Kg8 43. Rd2 Qd8 44. g5 Qe8 45. Rc3 Qh5 46. Rg3 Rc8 47. Qb1 Qh1+ 48. Rg1 Qh3+ 49. Ke1 Qf3 50. Qd1 Ng2+ 51. Rxg2 0-1

[Event "Gniezno-ch final"]
[Site "Gniezno"]
[Date "2012.05.20"]
[Round "8"]
[White "Nowak, Rafal"]
[Black "Banach, Szymon"]
[Result "1-0"]
[WhiteElo "2046"]
[BlackElo "1777"]
[PlyCount "89"]
[EventDate "2012.05.12"]
[EventType "tourn"]
[EventRounds "9"]
[EventCountry "POL"]
[SourceTitle "EXT 2020"]
[Source "ChessBase"]
[SourceDate "2019.10.17"]
[SourceVersion "1"]
[SourceVersionDate "2019.10.17"]
[SourceQuality "1"]

1. d4 e6 2. Nf3 Nf6 3. Bg5 Be7 4. Nbd2 d5 5. e3 Nbd7 6. Bd3 c5 7. c3 0-0 8. 0-0 b6 9. Ne5 Nxe5 10. dxe5 Nd7 11. Bf4 f5 12. Bg3 Bh4 13. Bxh4 Qxh4 14. f4 c4 15. Bc2 Nc5 16. b3 cxb3 17. axb3 Ba6 18. Nf3 Qe7 19. Rf2 Bb5 20. Nd4 Qd7 21. Rd2 Rfd8 22. Qe1 Ne4 23. Bxe4 fxe4 24. Rad1 Bd3 25. g4 Rac8 26. Rg2 Rf8 27. Rc1 Rce8 28. Qg3 Qf7 29. Kh1 Ba6 30. b4 Bc8 31. Nb5 Qd7 32. Nd6 Re7 33. c4 dxc4 34. Rxc4 Bb7 35. Rgc2 Qa4 36. b5 Qb3 37. R4c3 Qa4 38. f5 a6 39. Qh4 Rd7 40. Kg2 exf5 41. gxf5 Rxd6 42. exd6 Qxb5 43. Rf2 a5 44. Rc7 Bc8 45. Qe7 1-0

[Event "Gniezno-ch final"]
[Site "Gniezno"]
[Date "2012.05.13"]
[Round "4"]
[White "Nowak, Rafal"]
[Black "Bardeli, Lukasz"]
[Result "0-1"]
[WhiteElo "2046"]
[BlackElo "2308"]
[PlyCount "62"]
[EventDate "2012.05.12"]
[EventType "tourn"]
[EventRounds "9"]
[EventCountry "POL"]
[SourceTitle "EXT 2020"]
[Source "ChessBase"]
[SourceDate "2019.10.17"]
[SourceVersion "1"]
[SourceVersionDate "2019.10.17"]
[SourceQuality "1"]

1. d4 g6 2. Nf3 Bg7 3. Bg5 c5 4. c3 Qb6 5. Qc1 cxd4 6. cxd4 Nc6 7. e3 d6 8. Nc3 Bg4 9. Nd2 h6 10. Nc4 Qd8 11. Bh4 g5 12. Bg3 Nf6 13. h4 Nh5 14. hxg5 Nxg3 15. fxg3 hxg5 16. Rxh8+ Bxh8 17. Qc2 Bg7 18. Qe4 Qd7 19. Nxd6+ Kf8 20. Nxf7 Kxf7 21. Bc4+ Kf8 22. Kd2 Nxd4 23. Rf1+ Nf3+ 24. Kc1 Rd8 25. Rxf3+ Bxf3 26. Qxf3+ Bf6 27. Qh5 Qd2+ 28. Kb1 Qe1+ 29. Kc2 Rd2+ 30. Kb3 Rxb2+ 31. Ka4 b5+ 0-1

[Event "Gniezno-ch op"]
[Site "Gniezno"]
[Date "2011.11.25"]
[Round "?"]
[White "Nowak, Rafal"]
[Black "Kozakiewicz, Gracjan"]
[Result "1-0"]
[WhiteElo "2060"]
[BlackElo "1491"]
[PlyCount "75"]
[EventDate "2011.11.25"]
[EventType "swiss"]
[EventRounds "5"]
[EventCountry "POL"]
[SourceTitle "EXT 2023"]
[Source "ChessBase"]
[SourceDate "2022.10.05"]
[SourceVersion "1"]
[SourceVersionDate "2022.10.05"]
[SourceQuality "1"]

1. d4 Nf6 2. Bg5 e6 3. e4 Be7 4. Bd3 Nc6 5. c3 0-0 6. Nd2 d5 7. e5 Ne8 8. h4 f6 9. exf6 Bxf6 10. Ngf3 Nd6 11. Qe2 Nf7 12. Bxf6 Qxf6 13. Ng5 g6 14. Nxf7 Rxf7 15. Nf3 Re7 16. Ne5 Bd7 17. g3 Rf8 18. f4 Nd8 19. h5 Be8 20. hxg6 Bxg6 21. Bxg6 hxg6 22. Ng4 Qg7 23. Nh6+ Kh8 24. Nf5+ Qh7 25. Qe5+ Kg8 26. Nxe7+ Qxe7 27. Rh8+ Kf7 28. Rh7+ Ke8 29. Rxe7+ Kxe7 30. Qxc7+ Ke8 31. Kd2 Rh8 32. Re1 Rh2+ 33. Re2 Rh3 34. Qg7 Rxg3 35. Rh2 Nf7 36. Rh7 Rg2+ 37. Ke1 Rg1+ 38. Kf2 1-0

[Event "Gniezno Powiatu-A"]
[Site "Gniezno"]
[Date "2010.11.12"]
[Round "1.8"]
[White "Nowak, Rafal"]
[Black "Kaluzny, Jacek"]
[Result "1-0"]
[WhiteElo "2054"]
[BlackElo "1568"]
[PlyCount "77"]
[EventDate "2010.11.12"]
[EventType "swiss"]
[EventRounds "5"]
[EventCountry "POL"]
[SourceTitle "EXT 2023"]
[Source "ChessBase"]
[SourceDate "2022.10.05"]
[SourceVersion "1"]
[SourceVersionDate "2022.10.05"]
[SourceQuality "1"]

1. d4 f5 2. g4 fxg4 3. h3 gxh3 4. Nxh3 Nf6 5. Ng5 d5 6. Qd3 h6 7. Qg6+ Kd7 8. Nf7 Qe8 9. Nxh8 Nc6 10. Qxe8+ Kxe8 11. e3 Bf5 12. Bd3 Bxd3 13. cxd3 Nb4 14. Kd2 e6 15. a3 Nc6 16. Ng6 Bd6 17. f4 Na5 18. Kc2 c5 19. dxc5 Bxc5 20. b4 Rc8 21. bxc5 Rxc5+ 22. Nc3 a6 23. a4 Rc7 24. Ne5 Nc6 25. Nxc6 Rxc6 26. Rb1 Rc7 27. Kd2 h5 28. Ba3 g6 29. Bd6 Rh7 30. Be5 Ng4 31. Rb6 Re7 32. Rhb1 h4 33. Rxb7 h3 34. Rb8+ Kf7 35. Rh8 h2 36. Rbb8 g5 37. Rbf8+ Kg6 38. Rfg8+ Kf7 39. Rg7# 1-0

[Event "POL-chT 2nd League"]
[Site "Miedzyzdroje"]
[Date "2009.09.17"]
[Round "6"]
[White "Nowak, Rafal"]
[Black "Szczesniak, Konrad"]
[Result "1/2-1/2"]
[WhiteElo "2060"]
[BlackElo "2230"]
[PlyCount "76"]
[EventDate "2009.09.12"]
[EventType "team-swiss"]
[EventRounds "9"]
[EventCountry "POL"]
[SourceTitle "EXT 2019"]
[Source "ChessBase"]
[SourceDate "2018.10.10"]
[SourceVersion "1"]
[SourceVersionDate "2018.10.10"]
[SourceQuality "1"]
[WhiteTeam "Gniezno LKS Chrobry"]
[BlackTeam "Prudnik LKS Zarzewie"]
[WhiteTeamCountry "POL"]
[BlackTeamCountry "POL"]

1. d4 Nf6 2. Bg5 d5 3. Nd2 Nbd7 4. Ngf3 e6 5. e3 Be7 6. Bd3 0-0 7. c3 c5 8. Ne5 Nxe5 9. dxe5 Nd7 10. Bf4 f5 11. g4 c4 12. Bc2 Nc5 13. gxf5 exf5 14. Nf3 Kh8 15. h4 Be6 16. Nd4 a5 17. Qf3 Ra6 18. 0-0-0 Ne4 19. Nxe6 Rxe6 20. Bxe4 fxe4 21. Qh3 Rb6 22. f3 Qe8 23. Kb1 a4 24. Rxd5 a3 25. Rh2 axb2 26. Rxb2 Rxb2+ 27. Kxb2 Qa4 28. Qd7 Qa3+ 29. Kb1 Ra8 30. Rd2 exf3 31. Bg5 Bxg5 32. hxg5 f2 33. Rxf2 Qxc3 34. Qf5 Qe1+ 35. Kb2 Qb4+ 36. Kc1 Qc3+ 37. Kb1 Qe1+ 38. Kb2 Qb4+ 1/2-1/2

[Event "POL-chT 2nd League"]
[Site "Miedzyzdroje"]
[Date "2009.09.12"]
[Round "1"]
[White "Nowak, Rafal"]
[Black "Paprocki, Jaroslaw"]
[Result "1/2-1/2"]
[WhiteElo "2060"]
[BlackElo "2224"]
[PlyCount "60"]
[EventDate "2009.09.12"]
[EventType "team-swiss"]
[EventRounds "9"]
[EventCountry "POL"]
[SourceTitle "EXT 2019"]
[Source "ChessBase"]
[SourceDate "2018.10.10"]
[SourceVersion "1"]
[SourceVersionDate "2018.10.10"]
[SourceQuality "1"]
[WhiteTeam "Gniezno LKS Chrobry"]
[BlackTeam "Torun Torfarm 64"]
[WhiteTeamCountry "POL"]
[BlackTeamCountry "POL"]

1. d4 d5 2. Bg5 h6 3. Bh4 c6 4. e3 Qb6 5. b3 e5 6. Nf3 Bg4 7. Be2 e4 8. Ne5 Bxe2 9. Qxe2 Ne7 10. Bxe7 Bxe7 11. f3 exf3 12. Qxf3 0-0 13. 0-0 Bf6 14. Ng4 Bxd4 15. exd4 Qxd4+ 16. Kh1 Qxa1 17. c3 f5 18. Nxh6+ gxh6 19. Qg3+ Kh7 20. Qc7+ Kg6 21. Qg3+ Kh7 22. Qc7+ Kh8 23. Qe5+ Kg8 24. Qg3+ Kh7 25. Qc7+ Kg6 26. Qg3+ Kf6 27. Qd6+ Kg7 28. Qg3+ Kh8 29. Qe5+ Kg8 30. Qg3+ Kh8 1/2-1/2